000 00627nam a2200205Ia 4500
003 GCL
005 20240530103115.0
008 140319s9999 xx 000 0 ara d
040 _aGCL /
_cGCL
082 0 4 _a415.1
_bش ا
100 1 _aشرف الدين على الراجحى
245 1 0 _aالدرس اللغوى فى سورتى سبأ وفاطر /
_cشرف الدين على الراجحى
260 _a[S.N] :
_bدار المعرفة الجامعية ،
_c1992
300 _a198 ص
650 0 4 _aالنحو
650 0 4 _aنحو
650 0 4 _aاللغة العربية
650 0 4 _aالقران
942 _2ddc
_cBK
999 _c36875
_d36875